Memoria correspondiente á los trabajos en que se ocupó la Sociedad Económica de Amigos del País de esta provincia, en el año de 1868 / (Record no. 114618)

MARC details
000 -LEADER
campo de control de longitud fija 00906nam a2200193 i 4500
001 - NÚMERO DE CONTROL
campo de control 114618
003 - IDENTIFICADOR DE NÚMERO DE CONTROL
campo de control ES-MaACL
005 - FECHA Y HORA DE LA ÚLTIMA TRANSACCIÓN
campo de control 20250902093842.0
007 - CAMPO FIJO DE DESCRIPCIÓN FÍSICA--INFORMACIÓN GENERAL
campo de control de longitud fija t|
008 - DATOS DE LONGITUD FIJA--INFORMACIÓN GENERAL
campo de control de longitud fija 070315s1869 sp ||||1| spa d
110 2# - ENTRADA PRINCIPAL--NOMBRE DE ENTIDAD CORPORATIVA
Nombre de entidad corporativa o nombre de jurisdicción como elemento de entrada Real Sociedad Económica de Amigos del País de la Provincia de Granada
9 (RLIN) 138618
245 10 - MENCIÓN DEL TÍTULO
Título Memoria correspondiente á los trabajos en que se ocupó la Sociedad Económica de Amigos del País de esta provincia, en el año de 1868 /
Mención de responsabilidad, etc. leida en la sesion general ordinaria celebrada por la misma en 23 de Enero del corriente año de 1869 por ... José Ramos Lopez.
260 ## - PUBLICACIÓN, DISTRIBUCIÓN, ETC.
Lugar de publicación, distribución, etc. Granada :
Nombre del editor, distribuidor, etc. [s.n.],
Fecha de publicación, distribución, etc. 1869 (
Fabricante Imp. de F. Ventura y Sabatel)
300 ## - DESCRIPCIÓN FÍSICA
Extensión 11 p. ;
Dimensiones 21 cm.
610 24 - PUNTO DE ACCESO ADICIONAL DE MATERIA--NOMBRE DE ENTIDAD CORPORATIVA
Nombre de entidad corporativa o nombre de jurisdicción como elemento de entrada Real Sociedad Económica de Amigos del País de la Provincia de Granada-
Subdivisión de forma Memorias.
9 (RLIN) 154094
700 1# - ENTRADA AGREGADA--NOMBRE PERSONAL
Nombre de persona Ramos López, José.
9 (RLIN) 95331
852 ## - LOCALIZACIÓN
Ubicación ES-MaACL
Número de control de estantería T-692-F-3
Holdings
Estatus retirado Estado de pérdida Estado de daño No para préstamo Colección Biblioteca de origen Biblioteca actual Ubicación en estantería Fecha de adquisición Fuente de adquisición Total de préstamos Signatura topográfica completa Código de barras Visto por última vez Precio de reemplazo Tipo de ítem Koha
        Colección de folletos Biblioteca del Ateneo de Madrid Biblioteca del Ateneo de Madrid Depósito folletos 17/01/2008     T-692-F-3 1119529 23/02/2023 23/02/2023 Folleto